Trudne Flagi Azji - Statystyki

Ogólne statystyki
  • Ten quiz został rozwiązany 120 razy
  • Średni wynik to 14 z 16
Statystyki odpowiedzi
Obrazkowy Hint Odpowiedź % Poprawnych
Bangladesz
100%
Nepal
100%
Laos
99%
Azerbejdżan
98%
Syria
94%
Brunei
93%
Irak
93%
Jordania
89%
Bahrajn
87%
Mjanma
85%
Jemen
84%
Oman
84%
SIngapur
84%
Tajwan
84%
Tadżykistan
74%
Ten region to Abchazja Gruzja
31%
Nie znaleziono quizów pasujących do podanych kryteriów
Rozkład punktacji
Procent ludzi z każdym wynikiem
Percentyl według liczby udzielonych odpowiedzi
Twoja historia wyników
Nie rozwiązałeś tego quizu